Duyên nợ Đà Lạt : Viết về vùng đất và con người của các dân tộc gắn bó với mảnh đất Đà Lạt
Nội dung sách viết về lịch sử hình thành, thơ ca, phong tục tập quán vùng đất và con người của các dân tộc gắn bó với mảnh đất Đà Lạt.
Tallennettuna:
| Päätekijä: | |
|---|---|
| Aineistotyyppi: | Kirja |
| Kieli: | Undetermined |
| Julkaistu: |
Hà Nội
Hội Nhà văn
2019
|
| Aiheet: | |
| Tagit: |
Lisää tagi
Ei tageja, Lisää ensimmäinen tagi!
|
| Thư viện lưu trữ: | Trung tâm Học liệu Trường Đại học Cần Thơ |
|---|
| LEADER | 00929nam a2200217Ia 4500 | ||
|---|---|---|---|
| 001 | CTU_236078 | ||
| 008 | 210402s9999 xx 000 0 und d | ||
| 082 | |a 959.769 | ||
| 082 | |b Tr101 | ||
| 100 | |a Trần, Ngọc Trác | ||
| 245 | 0 | |a Duyên nợ Đà Lạt : | |
| 245 | 0 | |b Viết về vùng đất và con người của các dân tộc gắn bó với mảnh đất Đà Lạt | |
| 245 | 0 | |c Trần Ngọc Trác | |
| 260 | |a Hà Nội | ||
| 260 | |b Hội Nhà văn | ||
| 260 | |c 2019 | ||
| 520 | |a Nội dung sách viết về lịch sử hình thành, thơ ca, phong tục tập quán vùng đất và con người của các dân tộc gắn bó với mảnh đất Đà Lạt. | ||
| 650 | |a Đà Lạt (Việt Nam),Đà Lạt (Vietnam) | ||
| 650 | |x History | ||
| 910 | |b dqhieu | ||
| 980 | |a Trung tâm Học liệu Trường Đại học Cần Thơ | ||